Effect of the breather exerciser trainer on diaphragmatic mobilility and thickness in elderley / (رقم التسجيلة. 177872)

تفاصيل مارك
000 -LEADER
fixed length control field 05211namaa22004451i 4500
003 - CONTROL NUMBER IDENTIFIER
control field EG-GICUC
005 - أخر تعامل مع التسجيلة
control field 20260122131251.0
008 - FIXED-LENGTH DATA ELEMENTS--GENERAL INFORMATION
fixed length control field 260120s2025 ua a|||frm||| 000 0 eng d
040 ## - CATALOGING SOURCE
Original cataloguing agency EG-GICUC
Language of cataloging eng
Transcribing agency EG-GICUC
Modifying agency EG-GICUC
Description conventions rda
041 0# - LANGUAGE CODE
Language code of text/sound track or separate title eng
Language code of summary or abstract eng
-- ara
049 ## - Acquisition Source
Acquisition Source Deposit
082 04 - DEWEY DECIMAL CLASSIFICATION NUMBER
Classification number 615.82
092 ## - LOCALLY ASSIGNED DEWEY CALL NUMBER (OCLC)
Classification number 615.82
Edition number 21
097 ## - Degree
Degree M.Sc
099 ## - LOCAL FREE-TEXT CALL NUMBER (OCLC)
Local Call Number Cai01.21.10.M.Sc.2025Ay.E
100 0# - MAIN ENTRY--PERSONAL NAME
Authority record control number or standard number Aya Abdelhamid Adbelhamid Elbagory,
Preparation preparation.
245 10 - TITLE STATEMENT
Title Effect of the breather exerciser trainer on diaphragmatic mobilility and thickness in elderley /
Statement of responsibility, etc. by Aya Abdelhamid Adbelhamid Elbagory ;Supervisors Prof. Dr. Nesreen Ghareeb Mohamed Elnahas, Prof. Dr. Samir Abd Elfattah Elgazar, Dr. Donia Mohamed El-Masry.
246 15 - VARYING FORM OF TITLE
Title proper/short title تأثير جهاز تدريب التنفس البريزر على حركة وسمك الحجاب الحاجز فى كبار السن
264 #0 - PRODUCTION, PUBLICATION, DISTRIBUTION, MANUFACTURE, AND COPYRIGHT NOTICE
Date of production, publication, distribution, manufacture, or copyright notice 2025.
300 ## - PHYSICAL DESCRIPTION
Extent 122 pages :
Other physical details illustrations ;
Dimensions 25 cm. +
Accompanying material CD.
336 ## - CONTENT TYPE
Content type term text
Source rda content
337 ## - MEDIA TYPE
Media type term Unmediated
Source rdamedia
338 ## - CARRIER TYPE
Carrier type term volume
Source rdacarrier
502 ## - DISSERTATION NOTE
Dissertation note Thesis (M.Sc.)-Cairo University, 2025.
504 ## - BIBLIOGRAPHY, ETC. NOTE
Bibliography, etc. note Bibliography: pages 85-99.
520 #3 - SUMMARY, ETC.
Summary, etc. Objectives <br/>Elderly people with decreased respiratory muscle activity are more prone to infections and impairments due to age-related functional decline. Decreased diaphragmatic function lowers quality of life by interfering with the respiratory system's function. Respiratory muscle exercise is one training strategy that can enhance daily activities and quality of life. Therefore, the study aimed to assess how breathing exerciser trainers affect diaphragmatic mass and excursion in elderly adults.<br/>Materials and Methods: The study included two equal groups of 30 participants each, ranging in age from 65 to 75 and representing both genders. Over an eight-week period, the study group participants received training from a breather exerciser trainer five times a week in addition to conventional breathing exercises, while the control group participants only performed conventional breathing exercises. <br/>Results: The study group shows significant (P <0.05) improvement in all measured variables compared with the control group. The diaphragmatic excursion increased from 2.63 ±0.64 cm to 3.82 ±0.66 cm.The diaphragmatic thickness increased from 3.56±0.56 mm to 4.50± 0.62 mm.The Katz activities of daily living (Katz ADL) score also increased from 2.93 ±1.11 to 4.73 ±0.82, and the 6-minute walk test (6MWT) score increased from 385.60 ±22.78 m to 485.33 ±28.85 m. Lastly, the quality-of-life score increased from 0.812 ±0.02 to 0.932 ±0.04. <br/>Conclusion: The breather exerciser trainer device boosts the elderly's functional capacity, quality of life, and functional status by improving diaphragm thickness.
520 #3 - SUMMARY, ETC.
Summary, etc. شملت الدراسة مجموعتين متساويتين، كلٌّ منهما 60 مشاركًا، تتراوح أعمارهم بين 65 و75 عامًا، ويمثلون كلا الجنسين وعلى مدى ثمانية أسابيع، و لقد تلقى المشاركون في المجموعة (أ ) تدريبًا من جهاز تدريب التنفس البريزر خمس مرات أسبوعيًا، بالإضافة إلى تمارين التنفس التقليدية، بينما مارس المشاركون في المجموعه (ب) تمارين التنفس التقليدية فقط.<br/>النتائج: أظهرت المجموعة (أ) تحسنًا ملحوظًا (P <0.05) في جميع المتغيرات المقاسة مقارنةً بالمجموعة (ب). ازدادت حركات الحجاب الحاجز وسمكه من 2.63 ± 0.64 سم إلى 3.82 ± 0.66 سم بعد 8 أسابيع من استخدام جهاز تدريب التنفس، بالإضافة إلى العلاج الطبيعي التقليدي. <br/> (كاتز ADL) كما ارتفعت درجة كاتز لأنشطة الحياة اليومية من 2.93 ± 1.11 إلى 4.73 ± 0.82، وارتفعت درجة اختبار المشي لمدة 6 دقائق (6MWT) من 385.60 ± 22.78 متر إلى 485.33 ± 28.85 متر. وأخيرًا، ارتفعت درجة جودة الحياة من 0.812 ± 0.02 إلى 0.932 ± 0.04.
530 ## - ADDITIONAL PHYSICAL FORM AVAILABLE NOTE
Issues CD Issues also as CD.
546 ## - LANGUAGE NOTE
Text Language Text in English and abstract in Arabic & English.
650 #3 - SUBJECT ADDED ENTRY--TOPICAL TERM
Topical term or geographic name entry element Physical Therapy
650 #3 - SUBJECT ADDED ENTRY--TOPICAL TERM
Topical term or geographic name entry element العلاج الطبيعى
653 #1 - INDEX TERM--UNCONTROLLED
Uncontrolled term Activities of Daily Living
-- Breathing exercise
-- Diaphragm
-- Quality of life
-- أنشطة الحياة اليومية
-- الشيخوخة
700 0# - ADDED ENTRY--PERSONAL NAME
Personal name Nesreen Ghareeb Mohamed Elnahas
Relator term thesis advisor.
700 0# - ADDED ENTRY--PERSONAL NAME
Personal name Samir Abd Elfattah Elgazar
Relator term thesis advisor.
700 0# - ADDED ENTRY--PERSONAL NAME
Personal name Donia Mohamed El-Masry.
Relator term thesis advisor.
900 ## - Thesis Information
Grant date 01-01-2025
Supervisory body Nesreen Ghareeb Mohamed Elnahas
-- Samir Abd Elfattah Elgazar
-- Donia Mohamed El-Masry
Universities Cairo University
Faculties Faculty of Physical Therapy
Department Department of Physical Therapy for Cardiovascular / Respiratory Disorder and Geriatrics
905 ## - Cataloger and Reviser Names
Cataloger Name Shimaa
Reviser Names Eman Ghareb
942 ## - ADDED ENTRY ELEMENTS (KOHA)
Source of classification or shelving scheme Dewey Decimal Classification
Koha item type Thesis
Edition 21
Suppress in OPAC No
المقتنيات
Source of classification or shelving scheme Home library Current library Date acquired Inventory number Full call number Barcode Date last seen Effective from Koha item type
Dewey Decimal Classification المكتبة المركزبة الجديدة - جامعة القاهرة قاعة الرسائل الجامعية - الدور الاول 20.01.2026 93188 Cai01.21.10.M.Sc.2025Ay.E 01010110093188000 20.01.2026 20.01.2026 Thesis
Cairo University Libraries Portal Implemented & Customized by: Eng. M. Mohamady Contacts: new-lib@cl.cu.edu.eg | cnul@cl.cu.edu.eg
CUCL logo CNUL logo
© All rights reserved — Cairo University Libraries
CUCL logo
Implemented & Customized by: Eng. M. Mohamady Contact: new-lib@cl.cu.edu.eg © All rights reserved — New Central Library
CNUL logo
Implemented & Customized by: Eng. M. Mohamady Contact: cnul@cl.cu.edu.eg © All rights reserved — Cairo National University Library